Breve storia dell'arte indiana (Record n. 90625)
[ formato base ]
| 000 -LEADER | |
|---|---|
| fixed length control field | 01732nam a2200289Ia 4500 |
| 001 - CONTROL NUMBER | |
| control field | H9886 |
| 003 - CONTROL NUMBER IDENTIFIER | |
| control field | IT-RoPAU |
| 008 - FIXED-LENGTH DATA ELEMENTS--GENERAL INFORMATION | |
| fixed length control field | 130308s9999 xx 000 0 und d |
| 040 ## - CATALOGING SOURCE | |
| Original cataloging agency | IT-RoPAU |
| 040 ## - CATALOGING SOURCE | |
| Transcribing agency | IT-RoPAU |
| 041 ## - LANGUAGE CODE | |
| Language code of text/sound track or separate title | ITALIANO |
| 100 ## - MAIN ENTRY--PERSONAL NAME | |
| Personal name | Omodeo Salè Marino |
| 100 ## - MAIN ENTRY--PERSONAL NAME | |
| Miscellaneous information | Codice Aut. SPICS: 59992 |
| 245 ## - TITLE STATEMENT | |
| Title | Breve storia dell'arte indiana |
| 245 ## - TITLE STATEMENT | |
| Remainder of title | Breve storia dell'arte Indiana |
| 250 ## - EDITION STATEMENT | |
| Edition statement | 1a ed. |
| 260 ## - PUBLICATION, DISTRIBUTION, ETC. (IMPRINT) | |
| Place of publication, distribution, etc. | MILANO |
| 260 ## - PUBLICATION, DISTRIBUTION, ETC. (IMPRINT) | |
| Name of publisher, distributor, etc. | Martello Aldo |
| 260 ## - PUBLICATION, DISTRIBUTION, ETC. (IMPRINT) | |
| Date of publication, distribution, etc. | 1961 [1° Ed.:1961 - Ed.Ling.Originale:1961] |
| 300 ## - PHYSICAL DESCRIPTION | |
| Extent | "152 p. (prefazione: no ; testo: 152 [pagine: 0-0])" |
| 500 ## - GENERAL NOTE | |
| General note | "Civiltà della Valle dell'Indo. Stile Ariano Vedico. Arte Buddhista Ai Tempi Dinastia Maurya. Grandi Stupa di Bharhut, di Sanchi, di Amaravati Durante Dinastie Sunga e Andhra. Vihara e Caitya Epoca Buddhista. Periodo Kushana: Stile di Mathura e Gandhara. Periodo Gupta: Rinascimento Induista. Ajantae Pittura Buddhista, Ellora, Elephanta. Primi Templi Costruiti: Ajhole e Badami. Templi medioevali del Sud: Mahabalipuran. Templi medioevali dell'Orissa: Puri, Konarak, Bhubhaneshwar. Templi medioevali del Nord: Khajuraho. sculture Dravidiche. Arte Jaina. Apogeo finale Induismo: Tanjore, Belur, Halebid. Arte Musulmana: Stile Imperiale di Delhi. Stili delle Province. Arte Moghol a Delhi. Arte Moghol a Fathepur Sikri. Arte Moghol Ad Agra. Pittura Moghol. Pittura Rajput e Kangra. ultime Opere Musulmane: Aurangazeb. Stile Dravidico: Vijayangar; Madura. Architettura dell'Ottocento e Novecento. Scuole Moderne di Pittura. Periodi dell'arte Indiana. Terminologia." |
| 650 ## - SUBJECT ADDED ENTRY--TOPICAL TERM | |
| Topical term or geographic name as entry element | STORIA UNIVERSALE DELLE ARTI VISIVE |
| 650 ## - SUBJECT ADDED ENTRY--TOPICAL TERM | |
| Relator term | Codice materia Spics: 5009 |
| 942 ## - ADDED ENTRY ELEMENTS (KOHA) | |
| Koha item type | LIBRO |
| 957 ## - | |
| -- | 1 |
| 999 ## - SYSTEM CONTROL NUMBERS (KOHA) | |
| -- | 1 |
| Withdrawn status | Lost status | Damaged status | Not for loan | Home library | Current library | Date acquired | Total Checkouts | Full call number | Date last seen | Price effective from | Koha item type | Public note |
|---|---|---|---|---|---|---|---|---|---|---|---|---|
| Buone Condizioni | Not For Loan | SPICS-MEDIATECA | SPICS-MEDIATECA | 08/03/2013 | H9886 | 08/03/2013 | 08/03/2013 | LIBRO | Progressivo inserimento: 22101 / N. Volumi: 1 Copie: 1 / data import: 1 marzo 2013 - By Epidotti, Trombetti, Vaglietti. |